000 00613cam a22002293a 4500
001 26366
003 PGUSA
005 20140828083552.0
008 080820s2008||||xxu|||||s|||||000 | eng d
040 _aPGUSA
_beng
042 _adc
050 4 _aRM
100 1 _aSchweig, George M.
245 1 4 _aThe Electric Bath
_h[electronic resource] /
_cGeorge M. Schweig
260 _bProject Gutenberg,
_c2008
506 _aPublic domain in the USA.
516 _aElectronic text
653 _aElectric baths
830 0 _aProject Gutenberg
_v26366
856 4 0 _uhttp://www.gutenberg.org/ebooks/26366
942 _cEB
999 _c255621
_d255621